LEADER 01649aam 2200409I 450 001 9910709904103321 005 20250515232513.0 024 8 $aGOVPUB-C13-be4c7662dabf5024191b85c6dc81f47c 035 $a(CKB)5470000002475230 035 $a(OCoLC)929879512 035 $a(EXLCZ)995470000002475230 100 $a20151118d1980 ua 0 101 0 $aeng 181 $2rdacontent 182 $2rdamedia 183 $2rdacarrier 200 10$aMeasuring features of the fluence at the far field of a CO²² pulsed laser -- an issue study with suggestions on how to do it /$fEric G. Johnson Jr.; Robert J. Phelan Jr.; Don R. Boyle 210 1$aGaithersburg, MD :$cU.S. Dept. of Commerce, National Institute of Standards and Technology,$d1980. 215 $a1 online resource 225 1 $aNBSIR ;$v80-1628 300 $a1980. 300 $aContributed record: Metadata reviewed, not verified. Some fields updated by batch processes. 300 $aTitle from PDF title page. 320 $aIncludes bibliographical references. 517 $aMeasuring features of the fluence at the far field of a COp2 700 $aJohnson$b Eric Gunnar$cJr.,$f1936-$01819196 701 $aBoyle$b Don R$01399143 701 $aJohnson$b Eric Gunnar$cJr.,$f1936-$01819196 701 $aPhelan$b Robert J., Jr$01399144 712 02$aUnited States.$bNational Bureau of Standards. 801 0$bNBS 801 1$bNBS 801 2$bGPO 906 $aBOOK 912 $a9910709904103321 996 $aMeasuring features of the fluence at the far field of a CO²² pulsed laser -- an issue study with suggestions on how to do it$94379352 997 $aUNINA